[Event "Portoroz op 14th"]
[Site "Portoroz"]
[Date "2023.07.16"]
[Round "2"]
[White "Olenik Campa, Rudi"]
[Black "Morell, Adam"]
[Result "1-0"]
[WhiteElo "2327"]
[BlackElo "1527"]
[PlyCount "75"]
[EventDate "2023.07.15"]
[EventType "swiss"]
[EventRounds "9"]
[EventCountry "SLO"]
[SourceTitle "CBM 215 Extra"]
[Source "ChessBase"]
[SourceDate "2023.09.30"]
[SourceVersion "1"]
[SourceVersionDate "2023.09.30"]
[SourceQuality "1"]

1. e4 c5 2. Nf3 d6 3. d4 cxd4 4. Nxd4 Nf6 5. f3 a6 6. c4 e5 7. Nb3 Be7 8. Nc3 0-0 9. Be3 Nc6 10. Be2 Qc7 11. Rc1 b6 12. Nd5 Qd8 13. Nxb6 Rb8 14. Nxc8 Rxc8 15. 0-0 a5 16. Na1 Rb8 17. b3 Nb4 18. a3 Na6 19. Rb1 Nc5 20. b4 axb4 21. axb4 Ncd7 22. Nc2 Qc7 23. Qd3 Rfc8 24. Na3 Nb6 25. Rfc1 Qd8 26. Nb5 Ne8 27. c5 dxc5 28. Qxd8 Rxd8 29. bxc5 Na8 30. c6 Nac7 31. Nxc7 Nxc7 32. Rb7 Bd6 33. Rd1 Ne8 34. Rd7 Bc7 35. Bc4 Nd6 36. Rxc7 Nxc4 37. Rxd8+ Rxd8 38. Rd7 1-0